Statistics for Taylor Swift - Maroon

Click here to take the quiz!

General Stats

  • This quiz has been taken 71 times
    (67 since last reset)
  • The average score is 318 of 346

Answer Stats

Answer% Correct
a
100%
And
100%
and
100%
I
100%
me
100%
The
100%
the
100%
to
100%
In
97%
in
97%
it
97%
my
97%
on
97%
scarlet
97%
So
97%
that
97%
that's
97%
That's
97%
t-shirt
97%
was
97%
You
97%
you
97%
"Your
97%
your
97%
burgundy
95%
call
95%
cheeks
95%
fucking
95%
home
95%
into
95%
legacy
95%
lips
95%
maroon
95%
real
95%
splashed
95%
us
95%
used
95%
We
95%
we
95%
were
95%
When
95%
wine
95%
with
95%
between
92%
blood
92%
dancing
92%
how"
92%
how
92%
How
92%
New
92%
no
92%
shoes
92%
telephones
92%
York
92%
every
89%
grew
89%
rosé
89%
rust
89%
see
89%
sky
89%
up
89%
at
86%
collarbone
86%
day
86%
end
86%
feet
86%
friend
86%
hands
86%
Like
86%
lost
86%
now
86%
of
86%
one
86%
roommate's
86%
rushed
86%
say
86%
time
86%
track
86%
again?
84%
again
84%
ass
84%
cleaning
84%
closest
84%
ends?
84%
floor
84%
Looked
84%
lose
84%
mark
84%
memory
84%
saw
84%
way
84%
always
81%
came
81%
cheap
81%
did
81%
hell
81%
lap
81%
leave
81%
morning
81%
over
81%
shit
81%
they
81%
wake
81%
anyway?"
78%
hallway
78%
"How'd
78%
Laughing
78%
off
78%
shelf
78%
sight
78%
Ain't
76%
Carnations
76%
'Cause
76%
chose
76%
gave
76%
hazy
76%
screw-top
76%
standing
76%
vinyl
76%
head
73%
roses
73%
rubies
73%
blind
70%
thought
70%
silence
68%
what
68%
had
65%
incense
65%
feel
62%
matter
62%
shaking
62%
eyed
59%
hollow
57%
Sobbing
57%

Score Distribution

Percentile by Number Answered

Percent of People with Each Score

Your Score History

You have not taken this quiz since the last reset